LEADER 01116nam a2200289 a 4500 001 000000137889 003 CaOOAMICUS 005 20140326132150.0 008 140326s1995 it u000 u ita r 040 $aPUL$bita 100 1 $aBencivenni, Alessandro.$0(OLS)http://pul/name/88958 245 10$aLuchino Visconti /$cAlessandro Bencivenni. 260 $aRoma :$bl'Unità ;$aMilano :$bIl Castoro$g1995 300 $a126 p. ;$c17 cm 490 1 $aLibri dell'Unità ;$v07 490 1 $aIl Castoro cinema 500 $aSuppl. al n. 62 del 15-3-95 dell'Unità. 650 4$aCinema$zItalia.$0(OLS)http://pul/subject/16705 830 3$aIl Castoro cinema.$0(OLS)http://pul/title/174603 830 0$aLibri dell'Unità ;$v07.$0(OLS)http://pul/title/166798 850 $aPUL 852 $aPUL$W1$xDP1 Fondo E. Rossi$y115$m7 C 2.3$j158964$qFondi$B158502$CPULBib$Z2$F158502 $82 941 1 $a1 996 $6245$aLuchino Visconti$9(OLS)http://pul/title/174605 996 $6260$aRoma :$bl'Unità$9(OLS)http://pul/publisher/74001 996 $6260$aMilano :$bIl Castoro$9(OLS)http://pul/publisher/80120 LEADER 01419nam a2200277 a 4500 001 000000160056 003 CaOOAMICUS 005 20170407113424.0 008 170407s1966 gw m 001 u ger r 032 $aLibriCat 040 $aPUL$bita 100 1 $aAltmeyer, Hermann.$0(OLS)http://pul/name/102381 245 14$aDie geistliche Freude :$beine Analyse nach Texten aus den Väterkommentaren zum Johannesevangelium und Philipperbrief /$cauctore P. Hermannus Altmeyer, s.v.d. 260 $aKaldenkirchen :$b[s.n.],$c1966. 300 $a84 p. ;$c24 cm. 502 $aEstratto da tesi -- Pontificia Universitas Gregoriana. Facultas theologica. 1966. 504 $aBibliografia in nota. 630 04$aBiblia.$pN.T.$pAd Philippenses.$0(OLS)http://pul/subject/15112 630 04$aBiblia.$pN.T.$pIohannes$xCritica e interpretazione.$0(OLS)http://pul/subject/37920 710 2 $aPontificia Università Gregoriana.$bFacoltà di teologia.$kTesi.$0(OLS)http://pul/name/81592 850 $aPUL 852 $aPUL$W1$xDP1 Tesi Pon. Univ. Gregoriana$y40$mTH PUG 1722$j183643$qTesi$B186850$CPULBib$Z2$F186850 $H27322 $82 941 1 $a16 996 $6245$aDie geistliche Freude :$beine Analyse nach Texten aus den Väterkommentaren zum Johannesevangelium und Philipperbrief$9(OLS)http://pul/title/199693 996 $6260$aKaldenkirchen :$b[s.n.]$9(OLS)http://pul/publisher/86051